000 00974cam a22002174a 4500
005 20250605164136.0
008 250528s ||||||||||||||||||||||||d
035 _a18784
020 _a333233964
040 _aGR-AtMCL
_bgre
_dGR-AtMCL
_eAACR2
245 1 _aThe Devil Makes Work / Leisure in Capitalist Britain
260 _c1985
300 _a246
520 _aThis book provides a radical reappraisal of current thinking about leisure. Preface, Idle Hands, Breaking the Mould: a Brief Encounter with the Sociology of Leisure, Passing the Time Away: The Historical Development of Leisure, A Pause for Reflection, We Sell Everything - the Mixed Economy of Leisure, Divided We Play: Leisure and Social Divisions, Future Imperfect: Leisure and the Post-Industrial, Conclusion, Epilogue, Author and Subject Index.
700 1 _aClarke John
_95027
700 1 _aGritcher Chas
_95028
700 1 _aMacmillan
_9736
942 _cBK
999 _c4097
_d4097